000 00862nam a22002297a 4500
003 LK-CoMWRAF
005 20240503091553.0
008 240330b2005 |||||||| |||| 00| 0 eng d
020 _a8190295497
040 _aLK-CoMWRAF
_dLK-CoMWRAF
_eLK-CoMWRAF
041 _atam
082 _a297
_bAZA
100 _aஅஸமி, முஹம்மத் முஸ்தபா
_vAzami, Muhammad Mustafa
242 _aStudies in Hadith methodology and literature
245 _aஹதீஸ்:
_bமுறைமையும் தொகுப்புகளும்
246 _aHatīs: muṟaimaiyum tokuppukaḷum
260 _aMadurai:
_bMellinam
_c2005
300 _a162 p.
650 _aHADITH METHODOLOGY
700 _aஜனீர், அப்துல் ஜப்பார் முஹம்மது
_yZaneer, Abdul Jabbar Muhammad
_etrans.
942 _cBK
999 _c4873
_d4873